000 00268nam a22000977a 4500
999 _c521495
_d521495
082 _aA45:V5 KERA/2021-22
100 _aKerala State Electricity Regulatory Commission
_916853
245 _aAnnual report, 2021-22
260 _aTrivandrum
_bThe author
_c2022
300 _a74p.